[Event "Thüringenliga 2025/26"]
[Site "?"]
[Date "2026.03.01"]
[Round "7.1"]
[White "Aniol, Adrian"]
[Black "Meitzner, Jonathan Franz"]
[Result "1-0"]
[WhiteElo "1923"]
[BlackElo "1891"]
[WhiteFideId "-1"]
[BlackFideId "-1"]
[PlyCount "81"]
[GameId "2283311158460831"]
[EventDate "2025.09.14"]
[EventType "team-tourn"]
[EventRounds "9"]
[SourceTitle "Thueringer Schachbund"]
[Source "ThSB"]
[SourceDate "2025.09.14"]
[SourceVersion "1"]
[SourceVersionDate "2025.09.14"]
[SourceQuality "1"]
[WhiteTeam "VfL 1990 Gera"]
[BlackTeam "SC Rochade Leinefelde"]

{[%evp 0,81,28,23,44,36,56,33,29,20,20,28,75,81,83,67,56,50,60,51,51,43,43,-54,-46,-50,-51,-51,-39,-90,-86,-82,-53,-53,-1,-77,-65,-67,-73,-65,-73,-79,-61,-79,-30,-38,-39,-72,-44,-68,-7,-41,-3,-2,12,18,118,149,97,150,165,157,174,114,177,198,207,231,191,191,174,173,165,185,279,268,297,289,449,446,589,582,582,526]} 1. e4 c5 2. Nf3 e6 3. d4 cxd4 4. Nxd4 Nc6 5. Nc3 Qc7 6. Be3 a6 7. a3 Nf6 8. f4 d6 9. Qf3 Be7 10. Bd3 O-O 11. g4 Nxd4 12. Bxd4 e5 13. Be3 Bxg4 14. Qg2 exf4 15. Bd4 f3 16. Qg3 Be6 17. Rg1 g6 18. Qxf3 Nd7 19. O-O-O Ne5 20. Qf4 Nc6 21. Be3 Qa5 22. h4 Qe5 23. Qf2 Qf6 24. Qd2 h5 25. Be2 Qe5 26. Bf4 Qc5 27. Na4 Qa7 28. Be3 Qb8 29. Nb6 Ra7 30. Bxh5 Ne5 31. Nd5 b6 32. Bxb6 Rb7 33. Nxe7+ Rxe7 34. Qxd6 Qxd6 35. Rxd6 Nc4 36. Rc6 Rb8 37. Bd4 Rd7 38. Bc3 Rdb7 39. Bxg6 Nxb2 40. Bf5+ Kf8 41. Bb4+ 1-0

[Event "Thüringenliga 2025/26"]
[Site "?"]
[Date "2026.03.01"]
[Round "7.2"]
[White "Kachel, Alfred"]
[Black "Aniol, Nico"]
[Result "0-1"]
[WhiteElo "1835"]
[BlackElo "2071"]
[WhiteFideId "-1"]
[BlackFideId "-1"]
[PlyCount "116"]
[GameId "2283338022977959"]
[EventDate "2025.09.14"]
[EventType "team-tourn"]
[EventRounds "9"]
[SourceTitle "Thueringer Schachbund"]
[Source "ThSB"]
[SourceDate "2025.09.14"]
[SourceVersion "1"]
[SourceVersionDate "2025.09.14"]
[SourceQuality "1"]
[WhiteTeam "SC Rochade Leinefelde"]
[BlackTeam "VfL 1990 Gera"]

{[%evp 0,116,22,22,22,19,27,14,11,9,26,26,38,12,9,3,38,40,34,42,39,31,57,43,28,23,23,22,39,38,32,39,58,54,51,26,22,19,11,6,-1,2,14,30,4,9,88,29,64,42,60,14,48,63,49,6,135,48,100,63,81,69,80,72,63,-41,-30,-24,-16,-43,0,0,8,24,27,19,108,113,149,141,141,149,156,154,265,265,265,273,282,295,287,255,390,398,387,409,577,379,521,322,318,298,290,296,411,419,406,418,418,426,411,375,397,358,411,405,405,334,430]} 1. d4 d5 2. Nf3 Nf6 3. c4 e6 4. Nc3 Bb4 5. e3 O-O 6. a3 Bxc3+ 7. bxc3 c6 8. Bd3 Nbd7 9. O-O Re8 10. cxd5 cxd5 11. Qb3 Qb6 12. Rb1 Qxb3 13. Rxb3 Nb6 14. Ne5 Nfd7 15. Nf3 Nf8 16. e4 Bd7 17. Ne5 Ba4 18. Rb4 f6 19. Nf3 Rac8 20. Bd2 Bc6 21. e5 Ng6 22. Re1 Kf7 23. h3 Re7 24. Kh2 Rec7 25. Kg3 Bd7 26. Reb1 Bc6 27. Re1 Nd7 28. Kh2 Ndf8 29. Kg3 a6 30. Kh2 b5 31. Rb2 Nd7 32. a4 bxa4 33. Bxa6 Ra8 34. Bd3 fxe5 35. Ng5+ Ke7 36. Nxh7 e4 37. Bc2 Rh8 38. Ng5 Ngf8 39. f3 exf3 40. Nxf3 Ra7 41. Ra2 Nb6 42. Ne5 Be8 43. Rb1 Nc4 44. Bg5+ Kd6 45. Rb8 Nd7 46. Nxd7 Rxd7 47. Rxa4 Rf7 48. Raa8 Rh5 49. Bc1 Bc6 50. Rd8+ Ke7 51. Ra7+ Kf6 52. Rxf7+ Kxf7 53. g4 Rh6 54. Bxh6 gxh6 55. Rc8 Bb5 56. Rb8 Bc6 57. Rc8 Bb5 58. Rc5 Be8 0-1

[Event "Thüringenliga 2025/26"]
[Site "?"]
[Date "2026.03.01"]
[Round "7.3"]
[White "Seidens, Gunter"]
[Black "May, Alexander"]
[Result "0-1"]
[WhiteElo "1927"]
[BlackElo "1903"]
[WhiteFideId "-1"]
[BlackFideId "-1"]
[PlyCount "68"]
[GameId "2283561726773724"]
[EventDate "2025.09.14"]
[EventType "team-tourn"]
[EventRounds "9"]
[SourceTitle "Thueringer Schachbund"]
[Source "ThSB"]
[SourceDate "2025.09.14"]
[SourceVersion "1"]
[SourceVersionDate "2025.09.14"]
[SourceQuality "1"]
[WhiteTeam "VfL 1990 Gera"]
[BlackTeam "SC Rochade Leinefelde"]

{[%evp 0,68,22,22,22,19,29,9,9,9,29,24,29,29,30,38,34,30,35,34,42,34,39,78,86,47,77,17,14,-4,29,19,29,29,29,21,20,28,20,22,37,42,44,51,50,7,42,10,49,12,12,7,2,0,38,0,0,0,0,-39,-47,-101,-117,-91,-83,-155,-184,-145,-123,-2291,-1953]} 1. d4 d5 2. Nf3 Nf6 3. c4 e6 4. Nc3 Be7 5. Bg5 O-O 6. e3 b6 7. cxd5 exd5 8. Bd3 Bb7 9. O-O Ne4 10. Bxe7 Qxe7 11. Rc1 f5 12. Qb3 c6 13. Rfe1 Nd7 14. Qa4 c5 15. Ba6 Ndf6 16. Bxb7 Qxb7 17. Re2 c4 18. Ne5 Nxc3 19. bxc3 b5 20. Qa5 Rfb8 21. Rb1 Qb6 22. Qa3 Qc7 23. f3 h6 24. h3 a5 25. Qc1 b4 26. Qc2 bxc3 27. Rxb8+ Rxb8 28. Qxc3 Qb6 29. Qc2 f4 30. Kf2 fxe3+ 31. Kxe3 Re8 32. f4 Ne4 33. Qb2 Qd6 34. Qb7 Qa3+ 0-1

[Event "Thüringenliga 2025/26"]
[Site "?"]
[Date "2026.03.01"]
[Round "7.4"]
[White "Körner, Jonas"]
[Black "Huster, Mike"]
[Result "0-1"]
[WhiteElo "1889"]
[BlackElo "1906"]
[WhiteFideId "-1"]
[BlackFideId "-1"]
[PlyCount "176"]
[GameId "2283581530221046"]
[EventDate "2025.09.14"]
[EventType "team-tourn"]
[EventRounds "9"]
[SourceTitle "Thueringer Schachbund"]
[Source "ThSB"]
[SourceDate "2025.09.14"]
[SourceVersion "1"]
[SourceVersionDate "2025.09.14"]
[SourceQuality "1"]
[WhiteTeam "SC Rochade Leinefelde"]
[BlackTeam "VfL 1990 Gera"]

{[%evp 0,176,22,24,38,41,73,51,44,51,41,49,55,61,75,76,81,77,68,94,56,3,6,-46,-46,-48,-36,-58,-51,-59,-60,-52,-56,-61,-34,-23,-31,-54,-16,-26,-20,-20,-7,-11,-14,-23,-10,-93,-48,-80,0,-121,-121,-126,-74,-86,-72,-75,53,58,163,156,148,162,155,87,161,153,180,172,169,146,134,114,115,102,100,115,109,117,138,70,149,59,95,38,26,54,144,130,199,94,234,161,204,75,256,243,296,359,562,740,771,272,308,300,295,303,295,288,280,317,310,374,557,195,210,204,569,220,210,121,88,64,174,-287,-334,-323,-311,-334,-279,-340,-198,-193,-214,-222,-228,-233,-235,-234,-234,-231,-225,-184,-180,-231,-230,-282,-285,-306,-321,-331,-358,-359,-366,-375,-380,-391,-391,-395,-392,-399,-399,-407,-391,-421,-450,-493,-498,-1011,-1012,-1012,-1012,-1022,-1022,-1022,-1032,-1032,-25386]} 1. e4 d5 2. exd5 Qxd5 3. Nc3 Qd6 4. d4 Nf6 5. Nf3 a6 6. g3 Nc6 7. Bf4 Qd8 8. Bg2 Bf5 9. O-O e6 10. d5 exd5 11. Ne5 Be6 12. Re1 Be7 13. g4 h6 14. h3 Nxe5 15. Bxe5 c6 16. Ne2 Qb6 17. a4 O-O 18. a5 Qa7 19. Nd4 Rae8 20. c3 Bd7 21. Qd2 Nh7 22. Bg3 Bf6 23. Nc2 Ng5 24. Kh1 Bc8 25. f4 Ne4 26. Bxe4 dxe4 27. Qg2 Be6 28. Ne3 b6 29. f5 Bd5 30. c4 Rd8 31. cxd5 cxd5 32. Nc2 Bxb2 33. Rab1 Bc3 34. axb6 Qb7 35. Re3 Bf6 36. Bf2 Rfe8 37. Ree1 d4 38. Red1 d3 39. Ne3 Rd4 40. Rb3 Red8 41. Qg3 Rc8 42. Rbb1 a5 43. h4 Be7 44. g5 Rc6 45. Ng2 Rb4 46. Rxb4 axb4 47. Be3 h5 48. Qe5 Rc2 49. g6 fxg6 50. Qe6+ Kh8 51. Qxg6 Bf6 52. Qxh5+ Kg8 53. Qe8+ Kh7 54. Nf4 b3 55. Qh5+ Kg8 56. Ng6 Rc8 57. Qh8+ Kf7 58. Qh5 Kg8 59. Kg1 Qb8 60. Qg4 b2 61. Nf4 d2 62. Bxd2 Qxb6+ 63. Kg2 b1=Q 64. Rxb1 Qxb1 65. Nd5 Qb2 66. Nxf6+ Qxf6 67. Qxe4 Rf8 68. Bg5 Qxf5 69. Qxf5 Rxf5 70. Kg3 Kf7 71. Kg4 Rb5 72. Be3 g6 73. Bg5 Rb4+ 74. Kf3 Ke6 75. Kg3 Kf5 76. Be7 Rb3+ 77. Kf2 Kg4 78. Bd8 Rf3+ 79. Kg2 Rd3 80. Bg5 Rc3 81. Kf2 Rc2+ 82. Ke3 Rh2 83. Ke4 Rxh4 84. Bxh4 Kxh4 85. Kf4 g5+ 86. Kf3 Kh3 87. Kf2 g4 88. Kg1 Kg3 0-1

[Event "Thüringenliga 2025/26"]
[Site "?"]
[Date "2026.03.01"]
[Round "7.5"]
[White "Schönfeld, Volker"]
[Black "Meitzner, Johan Eduard"]
[Result "1-0"]
[WhiteElo "1846"]
[BlackElo "1578"]
[WhiteFideId "-1"]
[BlackFideId "-1"]
[PlyCount "107"]
[GameId "2283609529371177"]
[EventDate "2025.09.14"]
[EventType "team-tourn"]
[EventRounds "9"]
[SourceTitle "Thueringer Schachbund"]
[Source "ThSB"]
[SourceDate "2025.09.14"]
[SourceVersion "1"]
[SourceVersionDate "2025.09.14"]
[SourceQuality "1"]
[WhiteTeam "VfL 1990 Gera"]
[BlackTeam "SC Rochade Leinefelde"]

{[%evp 0,107,22,31,56,48,46,14,35,27,20,5,19,24,33,3,16,15,13,9,17,17,31,31,51,33,27,35,29,-2,24,26,32,32,33,19,74,15,17,-10,-34,-18,33,33,12,20,26,34,176,133,151,147,356,356,364,342,352,382,374,304,352,337,342,297,367,297,300,323,450,461,522,538,718,713,735,774,775,670,831,851,862,845,860,715,1135,1178,1257,1277,29989,29990,29991,29988,29989,1364,1436,1820,29991,2059,29993,29990,29993,29992,29993,29994,29995,29996,29997,29998,29999,29999]} 1. e4 c5 2. Nc3 e6 3. g3 Nc6 4. Bg2 Nf6 5. d3 Be7 6. f4 d6 7. Nge2 a6 8. a4 Qc7 9. O-O O-O 10. h3 Rb8 11. Be3 Rd8 12. d4 cxd4 13. Nxd4 Na5 14. Qd3 Nc4 15. Bc1 b6 16. b3 Na5 17. Bd2 e5 18. Nf3 Bb7 19. Rae1 Rbc8 20. Nh2 Nc6 21. Nd5 Nxd5 22. exd5 Nd4 23. c4 g6 24. fxe5 dxe5 25. Ng4 Bd6 26. Nh6+ Kg7 27. Rxf7+ Qxf7 28. Nxf7 Kxf7 29. h4 Rf8 30. h5 Kg7 31. hxg6 hxg6 32. Be4 Bc5 33. Kg2 Rf6 34. Bg5 Rf7 35. Rh1 Rcf8 36. Bh6+ Kg8 37. Bxf8 Rxf8 38. Rh6 Rf2+ 39. Kxf2 Nf5+ 40. Kg2 Nxh6 41. Bxg6 Ng4 42. Bh5 Ne3+ 43. Kf3 Bc8 44. Qg6+ Kh8 45. Qe8+ Kh7 46. Qxc8 e4+ 47. Kxe4 b5 48. Qxc5 bxc4 49. Kxe3 cxb3 50. d6 b2 51. Qf5+ Kh8 52. d7 Kg7 53. Qg6+ Kh8 54. d8=R# 1-0

[Event "Thüringenliga 2025/26"]
[Site "?"]
[Date "2026.03.01"]
[Round "7.6"]
[White "Frank, Thomas"]
[Black "Drechsel, Uwe"]
[Result "1-0"]
[WhiteElo "1831"]
[BlackElo "1866"]
[WhiteFideId "-1"]
[BlackFideId "-1"]
[PlyCount "119"]
[GameId "2283614857148987"]
[EventDate "2025.09.14"]
[EventType "team-tourn"]
[EventRounds "9"]
[SourceTitle "Thueringer Schachbund"]
[Source "ThSB"]
[SourceDate "2025.09.14"]
[SourceVersion "1"]
[SourceVersionDate "2025.09.14"]
[SourceQuality "1"]
[WhiteTeam "SC Rochade Leinefelde"]
[BlackTeam "VfL 1990 Gera"]

{[%evp 0,119,22,22,59,11,11,11,11,-7,-10,2,22,22,38,36,61,49,53,37,51,33,59,59,53,43,93,38,43,39,40,43,36,10,6,14,15,-12,-12,-16,3,-2,0,4,49,44,99,89,85,76,76,69,66,66,63,61,96,95,108,116,163,95,206,203,196,153,131,151,270,278,386,165,197,234,348,356,384,404,411,385,442,416,527,224,254,205,236,244,244,244,289,297,308,257,503,586,1164,1126,1072,1072,1064,455,29993,1359,1734,1359,1321,654,1012,1065,1497,1556,1544,1597,1589,1659,29999,1944,29981,29982,29993,29994]} 1. d4 e6 2. c4 d5 3. Nc3 Nf6 4. cxd5 exd5 5. Bg5 Be7 6. e3 Nbd7 7. Bd3 Nf8 8. Qc2 c6 9. h3 Ng6 10. Nge2 Ng8 11. Bxe7 N8xe7 12. Ng3 Be6 13. O-O Qd7 14. f4 f5 15. b4 O-O 16. a4 Nc8 17. b5 Nge7 18. Rfd1 Nd6 19. bxc6 bxc6 20. Rab1 Rab8 21. a5 Rfc8 22. Na4 Qd8 23. Nc5 Kf7 24. Qa4 Rxb1 25. Rxb1 Rb8 26. Rb4 Rxb4 27. Qxb4 Nec8 28. Kh2 g6 29. Nf1 g5 30. g3 Ne4 31. Bxe4 fxe4 32. Qb7+ Ne7 33. Qxa7 Bc8 34. Qb6 Qd6 35. Qb2 Qh6 36. Qg2 Bf5 37. a6 gxf4 38. exf4 Nc8 39. Ne3 Be6 40. Nxe6 Kxe6 41. Qe2 Kd7 42. Qg4+ Kc7 43. Qg8 Qg6 44. Qh8 Qf7 45. Qe5+ Kd8 46. Nf5 Qf8 47. Ng7 Qb4 48. Ne6+ Kd7 49. Nc5+ Kd8 50. Qh8+ Ke7 51. Qxh7+ Kf8 52. Qh8+ Kf7 53. h4 e3 54. Qxc8 Qxd4 55. Qf5+ Kg8 56. Qg6+ Kh8 57. a7 Qd1 58. Kh3 Qh1+ 59. Kg4 Qd1+ 60. Kg5 1-0

[Event "Thüringenliga 2025/26"]
[Site "?"]
[Date "2026.03.01"]
[Round "7.7"]
[White "Pekrul, Jürgen"]
[Black "Hellrung, Bernhard"]
[Result "1/2-1/2"]
[WhiteElo "1786"]
[BlackElo "1737"]
[WhiteFideId "-1"]
[BlackFideId "-1"]
[PlyCount "51"]
[GameId "2283626372966990"]
[EventDate "2025.09.14"]
[EventType "team-tourn"]
[EventRounds "9"]
[SourceTitle "Thueringer Schachbund"]
[Source "ThSB"]
[SourceDate "2025.09.14"]
[SourceVersion "1"]
[SourceVersionDate "2025.09.14"]
[SourceQuality "1"]
[WhiteTeam "VfL 1990 Gera"]
[BlackTeam "SC Rochade Leinefelde"]

{[%evp 0,51,22,22,60,60,56,56,49,47,47,42,51,55,47,54,62,29,46,15,5,13,4,4,12,2,16,3,33,33,28,36,33,-3,41,16,45,33,28,-17,20,20,35,6,13,-38,-23,-23,-32,-38,-17,-10,-20,-23]} 1. d4 d6 2. e4 Nf6 3. Nc3 Nbd7 4. Nf3 e5 5. Be2 c6 6. O-O Be7 7. h3 Qc7 8. Be3 O-O 9. Nd2 exd4 10. Bxd4 b5 11. a3 Bb7 12. f4 a6 13. Bf3 c5 14. Bf2 Rfd8 15. Qe2 Bf8 16. Rad1 Nb6 17. Bh4 Re8 18. Qf2 Nfd7 19. Nd5 Bxd5 20. exd5 c4 21. Ne4 Na4 22. c3 Nac5 23. Qc2 Nd3 24. Bg3 N7c5 25. Nxc5 Qxc5+ 26. Bf2 1/2-1/2

[Event "Thüringenliga 2025/26"]
[Site "?"]
[Date "2026.03.01"]
[Round "7.8"]
[White "Pfitzenreuter, Gerald"]
[Black "Loos, Tilda"]
[Result "1-0"]
[WhiteElo "1852"]
[BlackElo "1844"]
[WhiteFideId "-1"]
[BlackFideId "-1"]
[PlyCount "57"]
[GameId "2283629644937810"]
[EventDate "2025.09.14"]
[EventType "team-tourn"]
[EventRounds "9"]
[SourceTitle "Thueringer Schachbund"]
[Source "ThSB"]
[SourceDate "2025.09.14"]
[SourceVersion "1"]
[SourceVersionDate "2025.09.14"]
[SourceQuality "1"]
[WhiteTeam "SC Rochade Leinefelde"]
[BlackTeam "VfL 1990 Gera"]

{[%evp 0,57,22,22,22,11,34,32,28,24,29,24,19,13,38,23,28,22,22,22,22,15,22,21,34,-30,-30,-24,16,14,18,20,33,25,25,31,19,-2,10,11,12,6,33,17,15,31,11,18,8,31,31,-4,31,39,37,30,433,441,458,475]} 1. d4 Nf6 2. c4 b6 3. Nc3 Bb7 4. Nf3 e6 5. a3 d5 6. cxd5 exd5 7. Bg5 Be7 8. e3 O-O 9. Rc1 Nbd7 10. Bd3 h6 11. Bf4 c5 12. dxc5 bxc5 13. O-O Nb6 14. Qe2 Nh5 15. Be5 Bf6 16. Bxf6 Nxf6 17. Rfd1 Qe7 18. a4 a5 19. b3 Rfd8 20. Nb5 Rac8 21. Bf5 Nbd7 22. Qd2 Ra8 23. Qc3 Ne4 24. Bxe4 dxe4 25. Ne1 Bc6 26. Nd6 Qe6 27. Nc4 Rdb8 28. Rd6 Qe8 29. Rxc6 1-0

[Event "Thüringenliga 2025/26"]
[Site "?"]
[Date "2026.03.01"]
[Round "7.1"]
[White "Sondermann, Johannes"]
[Black "Darr, Sascha"]
[Result "1-0"]
[WhiteElo "1997"]
[BlackElo "2069"]
[WhiteFideId "-1"]
[BlackFideId "-1"]
[PlyCount "75"]
[GameId "2285491792760991"]
[EventDate "2025.09.14"]
[EventType "team-tourn"]
[EventRounds "9"]
[SourceTitle "Thueringer Schachbund"]
[Source "ThSB"]
[SourceDate "2025.09.14"]
[SourceVersion "1"]
[SourceVersionDate "2025.09.14"]
[SourceQuality "1"]
[WhiteTeam "Meuselwitzer SV"]
[BlackTeam "fuß brothers Jena"]

{[%evp 0,75,30,12,22,31,18,11,19,-4,-12,3,23,-11,-3,9,13,5,32,38,33,25,121,135,127,123,111,141,155,117,139,154,115,125,139,65,112,49,59,77,125,8,46,70,108,109,170,158,201,224,211,198,229,232,310,268,268,277,286,286,278,280,280,288,280,288,309,304,355,320,312,322,328,351,386,350,513,532]} 1. e4 e5 2. Nf3 Nc6 3. Bb5 a6 4. Ba4 Nf6 5. O-O Be7 6. Re1 b5 7. Bb3 O-O 8. d4 Nxd4 9. Bxf7+ Rxf7 10. Nxe5 Nc6 11. Nxf7 Kxf7 12. e5 Ne8 13. Qd5+ Kf8 14. Re3 Bb7 15. Rf3+ Nf6 16. exf6 Bxf6 17. Qd1 Qe8 18. Be3 Ne5 19. Rg3 Nc4 20. c3 Nxb2 21. Qc2 Nc4 22. Qxh7 Bc6 23. Nd2 Nxe3 24. Rxe3 Qf7 25. Rae1 d6 26. Ne4 Qd5 27. Qg6 Qf7 28. Qxf7+ Kxf7 29. Nxf6 Kxf6 30. Re6+ Kf5 31. Re7 Bd5 32. a3 g6 33. Rxc7 Rb8 34. f3 Rb6 35. Kf2 Kf6 36. h4 a5 37. Ra7 b4 38. Rxa5 1-0

[Event "Thüringenliga 2025/26"]
[Site "?"]
[Date "2026.03.01"]
[Round "7.2"]
[White "Wicklein, Stefan"]
[Black "Naundorf, Johannes"]
[Result "0-1"]
[WhiteElo "2003"]
[BlackElo "1949"]
[WhiteFideId "-1"]
[BlackFideId "-1"]
[PlyCount "52"]
[GameId "2285491792810144"]
[EventDate "2025.09.14"]
[EventType "team-tourn"]
[EventRounds "9"]
[SourceTitle "Thueringer Schachbund"]
[Source "ThSB"]
[SourceDate "2025.09.14"]
[SourceVersion "1"]
[SourceVersionDate "2025.09.14"]
[SourceQuality "1"]
[WhiteTeam "fuß brothers Jena"]
[BlackTeam "Meuselwitzer SV"]

{[%evp 0,52,22,33,41,30,38,34,10,29,33,-2,-2,-11,-13,-117,-130,-127,-155,-176,-168,-201,-177,-190,-204,-205,-230,-324,-131,-177,-138,-228,-203,-217,-239,-387,-422,-437,-450,-401,-453,-624,-654,-792,-826,-783,-826,-1264,-1455,-29989,-29990,-29997,-29998,-29999,-29999]} 1. d4 e6 2. e4 d5 3. Nd2 c5 4. exd5 exd5 5. dxc5 Bxc5 6. Bb5+ Nc6 7. Ngf3 Bxf2+ 8. Kf1 Bb6 9. Nb3 Nge7 10. Bg5 O-O 11. Qe2 f6 12. Bf4 Nf5 13. Re1 Bd7 14. Qd2 d4 15. Rd1 Be6 16. Qe2 Re8 17. Bc4 Bd5 18. Qxe8+ Qxe8 19. Bxd5+ Kh8 20. Bxc6 Qxc6 21. Nbxd4 Nxd4 22. Nxd4 Qc4+ 23. Ne2 Re8 24. Rd2 Rxe2 25. Rxe2 Qxf4+ 26. Ke1 Qc1# 0-1

[Event "Thüringenliga 2025/26"]
[Site "?"]
[Date "2026.03.01"]
[Round "7.3"]
[White "Sniegowski, Richard"]
[Black "Kloß, Thomas"]
[Result "1-0"]
[WhiteElo "1885"]
[BlackElo "1924"]
[WhiteFideId "-1"]
[BlackFideId "-1"]
[PlyCount "70"]
[GameId "2285491792847009"]
[EventDate "2025.09.14"]
[EventType "team-tourn"]
[EventRounds "9"]
[SourceTitle "Thueringer Schachbund"]
[Source "ThSB"]
[SourceDate "2025.09.14"]
[SourceVersion "1"]
[SourceVersionDate "2025.09.14"]
[SourceQuality "1"]
[WhiteTeam "Meuselwitzer SV"]
[BlackTeam "fuß brothers Jena"]

{[%evp 0,70,30,18,46,46,48,40,32,39,30,28,14,-23,-15,-27,-35,-44,-7,-34,-15,-18,-30,-25,0,-1,26,28,25,-3,-5,17,16,60,37,45,42,29,51,43,34,41,50,57,54,48,54,51,56,63,81,89,93,67,77,59,163,175,171,175,163,98,95,89,149,235,396,421,29989,29990,29997,29998,29999]} 1. e4 c5 2. Nc3 Nc6 3. f4 g6 4. Nf3 Bg7 5. Bc4 e6 6. f5 Nge7 7. fxe6 fxe6 8. O-O O-O 9. d3 a6 10. a4 d5 11. Ba2 Kh8 12. Qe1 Nd4 13. Qh4 Nxf3+ 14. Rxf3 Rxf3 15. gxf3 d4 16. Ne2 Nc6 17. Bg5 Qf8 18. Nf4 Qf7 19. Qh3 Bf6 20. Bxe6 Bxg5 21. Bxf7 Bxh3 22. Nxh3 Be3+ 23. Kg2 Rf8 24. Bd5 Ne5 25. Rf1 g5 26. a5 h6 27. b3 Rb8 28. f4 gxf4 29. Nxf4 Bd2 30. Nh5 Bxa5 31. Rf6 Kh7 32. Re6 Ng4 33. Kg3 Ne3 34. Re7+ Kg6 35. Rg7+ Kxh5 1-0

[Event "Thüringenliga 2025/26"]
[Site "?"]
[Date "2026.03.01"]
[Round "7.4"]
[White "Richter, Sebastian"]
[Black "Bellmann, Daniel"]
[Result "1/2-1/2"]
[WhiteElo "1845"]
[BlackElo "1866"]
[WhiteFideId "-1"]
[BlackFideId "-1"]
[PlyCount "94"]
[GameId "2285491792883874"]
[EventDate "2025.09.14"]
[EventType "team-tourn"]
[EventRounds "9"]
[SourceTitle "Thueringer Schachbund"]
[Source "ThSB"]
[SourceDate "2025.09.14"]
[SourceVersion "1"]
[SourceVersionDate "2025.09.14"]
[SourceQuality "1"]
[WhiteTeam "fuß brothers Jena"]
[BlackTeam "Meuselwitzer SV"]

{[%evp 0,94,30,18,69,71,70,54,75,70,69,58,67,63,63,69,68,74,70,65,114,69,86,110,95,112,107,112,113,125,177,169,179,197,252,146,170,156,168,176,176,136,128,119,143,85,113,79,144,157,178,180,179,137,132,81,83,83,101,63,61,75,63,64,70,69,61,52,139,54,68,96,92,94,93,79,64,60,59,59,59,59,59,56,59,13,56,56,82,62,92,98,96,96,97,98,98]} 1. e4 c6 2. d4 d5 3. e5 c5 4. Nf3 Bg4 5. Bb5+ Nc6 6. dxc5 e6 7. b4 Bxf3 8. Qxf3 Nge7 9. O-O Qc7 10. Re1 Ng6 11. Bb2 Be7 12. c4 dxc4 13. Nd2 O-O 14. Bxc6 bxc6 15. Nxc4 Rfd8 16. Nd6 Bf8 17. Rad1 a5 18. a3 axb4 19. axb4 Ra2 20. Qb3 Rda8 21. g3 Ne7 22. Rd3 Nd5 23. Re4 R2a7 24. b5 cxb5 25. Nxb5 Qxc5 26. Nxa7 Qxa7 27. Rxd5 exd5 28. Qxd5 Rb8 29. Qd2 Qa2 30. Bc3 Qe6 31. Re1 h5 32. h4 Bc5 33. Kh2 Qb6 34. Kg2 Rd8 35. Qe2 Qc6+ 36. Qe4 Qe6 37. Bb4 Bxb4 38. Qxb4 g6 39. Qf4 Kg7 40. Re2 Rd5 41. Qg5 Ra5 42. f3 Ra1 43. Qd2 Qb6 44. Re1 Rxe1 45. Qxe1 Qb3 46. Qe2 Qd5 47. Qb2 Kh7 1/2-1/2

[Event "Thüringenliga 2025/26"]
[Site "?"]
[Date "2026.03.01"]
[Round "7.5"]
[White "Barth, Jürgen"]
[Black "Götting, Danilo"]
[Result "1/2-1/2"]
[WhiteElo "1781"]
[BlackElo "1711"]
[WhiteFideId "-1"]
[BlackFideId "-1"]
[PlyCount "69"]
[GameId "2285491792916643"]
[EventDate "2025.09.14"]
[EventType "team-tourn"]
[EventRounds "9"]
[SourceTitle "Thueringer Schachbund"]
[Source "ThSB"]
[SourceDate "2025.09.14"]
[SourceVersion "1"]
[SourceVersionDate "2025.09.14"]
[SourceQuality "1"]
[WhiteTeam "Meuselwitzer SV"]
[BlackTeam "fuß brothers Jena"]

{[%evp 0,69,30,30,30,26,49,33,37,37,52,45,26,17,16,32,44,43,64,45,49,48,66,13,36,16,3,7,3,2,1,-2,0,8,30,31,35,23,27,-86,-54,-68,-86,-86,-89,-84,-87,-114,-31,-221,-198,-193,-193,-240,-193,-217,-204,-239,-219,-273,-255,-252,-75,-118,0,0,0,0,0,0,0,0]} 1. d4 Nf6 2. Nf3 g6 3. c4 Bg7 4. Nc3 d5 5. e3 O-O 6. cxd5 Nxd5 7. Bc4 e6 8. O-O b6 9. e4 Nxc3 10. bxc3 c5 11. Bb2 Qc7 12. Rc1 Bb7 13. Re1 Rd8 14. Qe2 Nc6 15. d5 exd5 16. Bxd5 Re8 17. c4 Nb4 18. Bxg7 Kxg7 19. a3 Bxd5 20. cxd5 Nxd5 21. Qb2+ Nf6 22. e5 Nd5 23. Ng5 Kg8 24. Qb3 Rxe5 25. Nf3 Rxe1+ 26. Rxe1 Nf4 27. Qa4 Ne6 28. Ne5 Rd8 29. h3 Nd4 30. Ng4 Qc6 31. Qxa7 Ra8 32. Qe7 Nf5 33. Nf6+ Kg7 34. Ne8+ Kg8 35. Nf6+ 1/2-1/2

[Event "Thüringenliga 2025/26"]
[Site "?"]
[Date "2026.03.01"]
[Round "7.6"]
[White "Berger, Thomas"]
[Black "Ignatova, Gabriela"]
[Result "1-0"]
[WhiteElo "2082"]
[BlackElo "1640"]
[WhiteFideId "-1"]
[BlackFideId "-1"]
[PlyCount "53"]
[GameId "2285491792957604"]
[EventDate "2025.09.14"]
[EventType "team-tourn"]
[EventRounds "9"]
[SourceTitle "Thueringer Schachbund"]
[Source "ThSB"]
[SourceDate "2025.09.14"]
[SourceVersion "1"]
[SourceVersionDate "2025.09.14"]
[SourceQuality "1"]
[WhiteTeam "fuß brothers Jena"]
[BlackTeam "Meuselwitzer SV"]

{[%evp 0,53,30,-20,32,20,42,-2,16,-3,19,-20,-22,-28,-18,-17,-24,-21,-4,-12,16,18,92,58,40,34,41,-3,140,159,151,133,421,421,456,484,486,486,503,463,467,489,527,515,528,567,533,551,617,627,751,805,1519,694,29993,29994]} 1. c4 c5 2. Nc3 Nc6 3. g3 Nf6 4. Bg2 g6 5. e4 d6 6. Nge2 Bg7 7. O-O O-O 8. d3 e6 9. f4 Ne8 10. Be3 f5 11. Qd2 Nf6 12. h3 Qe7 13. Rab1 Nd4 14. Nxd4 cxd4 15. Bxd4 Nxe4 16. dxe4 e5 17. Nd5 Qf7 18. fxe5 dxe5 19. Bc5 Rd8 20. exf5 Bxf5 21. Rbd1 Qe8 22. Qg5 h6 23. Nf6+ Bxf6 24. Qxf6 Rac8 25. Bxb7 Bxh3 26. Bxc8 Bxf1 27. Rxd8 1-0